00706nam a2200205Ia 4500003000900000008004100009020002200050040001600072080002000088245011600108260004600224300001500270650003400285650003400319650002800353650003500381700002600416700003200442700002600474IN-BaIIA211028s9999 xx 000 0 eng d a978-0-8165-3124-0 cIIA Library a524.3-5bPRO-VI 0aProtostars and planets VIcedited by Henrik Beuther, Ralf S. Klessen, Cornelis P. Dullemond, and Thomas Henning aTucsonbUniversity of Arizona Pressc2014 axvi, 914p. aMolecular clouds - congresses aPlanets - origin - congresses aProtostars - congresses aStars - formation - congresses aBeuther, Henrik., ed. aDullemond, Cornelis P., ed. aKlessen, Ralf S., ed.